Текст томруулах:    
Chinese etiquette & ethics in business (Бичлэгийн дугаар. 145767)
000 -УДИРДЛАГА
Удирдлага 00922nam a22003137a 4500
003 - ХЯНАЛТЫН ТОО ТОДОРХОЙЛОГЧ
Код MN-UlNUM
005 - БИЧИЛТ ХИЙСЭН ОГНОО
Тухайн бичилтийг бичсэн засварласан сүүлийн огноо 20251127121112.0
008 - ЕРӨНХИЙ МЭДЭЭЛЭЛ
Ерөнхий мэдээлэл 251127s1994 ilub|||| |||| 00| 0 eng |
020 ## - ISBN
ISBN 0844285242
040 ## - БИЧЛЭГ ҮҮСГЭГЧ БАЙГУУЛЛАГА
Бичлэг үүсгэгч номын сангийн код МУИС-ийн номын сан
084 ## - ББК АНГИЛАЛ
Нэмэлт тусгалт Нэг сэдэвт бүтээл
ББК ангилал 65.9
Зохиогчийн гурван тэмдэгт B 83
Мэдлэгийн ялгаа 65 - Эдийн засаг
100 1# - ЗОХИОГЧ
Зохиогчийн нэр De Mente, Boye.
245 10 - ҮНДСЭН ГАРЧИГ
Номын нэр Chinese etiquette & ethics in business
Оролцогчдын тухай мэдээ Boye Lafayette De Mente.
250 ## - ДАХИН ХЭВЛЭЛТ
Дахин гаралтын дугаар 2nd ed.
260 ## - ГАРАЛТЫН МЭДЭЭ
Хэвлэгдсэн газар Lincolnwood, Ill., USA :
Хэвлэлийн газар NTC Business Books,
Хэвлэгдсэн он 1994.
300 ## - МАТЕРИАЛЫН ТОДОРХОЙЛОЛТ
хуудасны тоо xx, 230 p. :
Бусад тоон мэдээлэл map ;
Хэмжээ 23 cm.
500 ## - Тайлбар
Дансны дугаар БС 4208
546 ## - ХЭЛНИЙ ТУХАЙ МЭДЭЭ
Хэл Англи хэл дээр,
653 ## - Түлхүүр үг
Түлхүүр үг business etiquette
653 ## - Түлхүүр үг
Түлхүүр үг business ethics
653 ## - Түлхүүр үг
Түлхүүр үг industrial management $z China.
653 ## - Түлхүүр үг
Түлхүүр үг national characteristics, Chinese
740 ## - НОМЫН ГАРЧИГ
Гарчиг The Land and the People
740 ## - НОМЫН ГАРЧИГ
Гарчиг The Historical Perspective
740 ## - НОМЫН ГАРЧИГ
Гарчиг The Awakening Dragon
740 ## - НОМЫН ГАРЧИГ
Гарчиг Living in a Beehive Society
942 ## - ЭЛЕМЕНТИЙН ТӨРӨЛ
Зүйлийн төрөл Ном